東京駅より北にある駅(サドンデス) - Statistics

General Stats
  • This quiz has been taken 1,463 times
  • The average score is 6 of 19
Answers on the Grid
Answers color-coded by a green-red scale on the quiz's grid according to % correct below.
古河駅
取手駅
鹿島神宮駅
銚子駅
東金駅
成田駅
千葉駅
浦安駅
本八幡駅
秋葉原駅
新木場駅
新宿駅
渋谷駅
吉祥寺駅
調布駅
多摩センター駅
立川駅
町田駅
八王子駅
拝島駅
奥多摩駅
大月駅
富士山駅
甲府駅
身延駅
小淵沢駅
小海駅
塩尻駅
伊那市駅
飯田駅
新富士駅
井川駅
天竜二俣駅
浜松駅
豊田市駅
名古屋駅
高蔵寺駅
中津川駅
下呂駅
高山駅
岐阜駅
福井駅
敦賀駅
米原駅
大津駅
四日市駅
伊勢市駅
伊賀上野駅
東舞鶴駅
福知山駅
京都駅
奈良駅
五条駅
高槻駅
新大阪駅
関西空港駅
和歌山駅
紀伊田辺駅
神戸駅
姫路駅
城崎温泉駅
鳥取駅
米子駅
松江駅
津山駅
岡山駅
広島駅
高松駅
徳島駅
高知駅
松山駅
萩駅
下関駅
小倉駅
福岡駅
唐津駅
佐世保駅
長崎駅
大分駅
阿蘇駅
熊本駅
延岡駅
宮崎駅
鹿児島中央駅
 
Answer Stats
Answer % Correct
古河駅
88%
取手駅
85%
鹿島神宮駅
68%
秋葉原駅
49%
銚子駅
44%
成田駅
36%
奥多摩駅
24%
新宿駅
23%
吉祥寺駅
22%
拝島駅
18%
塩尻駅
18%
立川駅
17%
福井駅
17%
小海駅
14%
小淵沢駅
13%
高山駅
13%
本八幡駅
9%
下呂駅
7%
伊那市駅
3%
No matching quizzes found
Score Distribution
Percent of People with Each Score
Percentile by Number Answered
Your Score History
You have not taken this quiz